Návrh informačného systému pre malé a stredné podniky : Diplomová práca

Uložené v:
Podrobná bibliografia
Hlavný autor: Farkašová, Janette (Autor)
Ďalší autori: Pavlenda, Pavel, 1981- (xxx)
Médium: Rukopis Kniha
Jazyk:Slovak
Vydavateľské údaje: Trnava : STU v Bratislave MtF KPIM, 2006
Predmet:
Tagy: Pridať tag
Žiadne tagy, Buďte prvý, kto otaguje tento záznam!

MARC

LEADER 00000ntm a22000003a 4500
001 stu132242
005 20160719155547.8
008 061214s2006----xo------------------slo-d
040 |a STU  |b slo 
041 0 |a slo 
044 |a xo 
100 1 |a Farkašová, Janette  |4 aut 
245 1 |a Návrh informačného systému pre malé a stredné podniky :  |b Diplomová práca 
260 |a Trnava :  |b STU v Bratislave MtF KPIM,  |c 2006 
300 |a 78 s  |c 1 CD-ROM 
650 7 |a priemyselné inžinierstvo a manažment  |2 stusub 
650 7 |a informačný manažment  |2 stusub 
700 1 |a Pavlenda, Pavel,  |d 1981-  |4 xxx  |u M4000  |U MTF Materiálovotechnologická fakulta  |T MTF Ústav priemyselného inžinierstva a manažmentu  |X 4116  |U M4000  |Y 84  |7 A000004116 
996 |b 284M075378  |c M*DP-6452  |l MMSKP  |s P  |a 0  |w stu132242_0001